[Event "Reykjavik Open 2026"]
[Site "Reykjavik ISL"]
[Date "2026.03.27"]
[Round "4.187"]
[White "B. Berglindardottir, Emilia Embla"]
[Black "Creve, Roeland"]
[Result "1-0"]
[WhiteElo "1656"]
[BlackElo "1524"]
[WhiteFideId "2318946"]
[BlackFideId "40103404"]
[EventDate "2026.03.25"]

1. d4 d5 2. c4 c6 3. Nf3 Nf6 4. Nc3 Bf5 5. cxd5 Nxd5 6. Bg5 f6 7. Bh4 Qb6 8. Qc1
e6 9. e3 Be7 10. Bc4 Qa5 11. O-O b5 12. Bb3 b4 13. Nxd5 cxd5 14. Qc8+ Bd8 15.
Qb7 O-O 16. Qxa8 Nd7 17. Qc6 e5 18. Qxd5+ Qxd5 19. Bxd5+ Kh8 20. Rac1 Nb6 21.
Bb3 Bd3 22. Rfd1 e4 23. Nd2 f5 24. Bxd8 Rxd8 25. Rc7 a5 26. Rc6 Nd7 27. Be6 Nf6
28. Bxf5 Bb5 29. Rc5 g6 30. Rxb5 gxf5 31. Rxf5 a4 32. Rxf6 Ra8 33. Nxe4 b3 1-0

[Event "Reykjavik Open 2026"]
[Site "Reykjavik ISL"]
[Date "2026.03.27"]
[Round "4.188"]
[White "Jonsdottir, Halldora"]
[Black "Patel, Parisa"]
[Result "0-1"]
[WhiteElo "1593"]
[BlackElo "1498"]
[WhiteFideId "2321939"]
[BlackFideId "343410065"]
[EventDate "2026.03.25"]

1. e4 c5 2. Nf3 g6 3. d4 cxd4 4. Nxd4 Bg7 5. Nc3 Nc6 6. Be3 d6 7. Bb5 Bd7 8. O-O
Nf6 9. h3 O-O 10. Re1 Rc8 11. Nxc6 Bxc6 12. Bxa7 b6 13. Qd4 Nxe4 14. Qxb6 Qxb6
15. Bxb6 Nxc3 16. Bxc6 Rxc6 17. Ba5 Na4 18. c3 Nxb2 19. Rab1 Nd3 20. Rxe7 Bxc3
21. Bxc3 Rxc3 22. Rd7 Rc1+ 23. Rxc1 Nxc1 24. Rxd6 Nxa2 25. g4 Nc3 26. g5 Re8 27.
Kg2 Re2 28. Rd3 Na4 29. Kf3 Re5 30. h4 Nc5 31. Rd1 Kg7 32. Kf4 Rf5+ 33. Ke3 h6
34. Rg1 hxg5 35. Rxg5 Rxg5 36. hxg5 Ne6 37. f4 f6 38. gxf6+ Kxf6 39. Ke4 Nc5+
40. Kf3 Kf5 41. Kg3 Ne6 42. Kf3 Nxf4 43. Kg3 Kg5 44. Kh2 Kg4 45. Kh1 Kg3 46. Kg1
g5 47. Kh1 g4 48. Kg1 Ne2+ 49. Kf1 Kh2 50. Kxe2 g3 51. Kd3 g2 52. Ke4 g1=Q 53.
Ke5 Qg4 54. Kd5 Qf4 55. Kc5 Qe4 56. Kd6 Qf5 57. Kc6 Qe5 58. Kb6 Qd5 59. Kc7 Qe6
60. Kb7 Qd6 61. Kc8 Qe7 62. Kb8 Qd7 63. Ka8 Kg3 64. Kb8 Kf4 65. Ka8 Ke4 66. Kb8
Kd5 67. Ka8 Kc6 68. Kb8 Qb7# 0-1

[Event "Reykjavik Open 2026"]
[Site "Reykjavik ISL"]
[Date "2026.03.27"]
[Round "4.189"]
[White "Schram Theodor Noel"]
[Black "Schroeder, Liam Maddox"]
[Result "0-1"]
[WhiteElo "1460"]
[BlackElo "1577"]
[WhiteFideId "2331209"]
[BlackFideId "34651020"]
[EventDate "2026.03.25"]

1. e4 d5 2. exd5 Qxd5 3. Nc3 Qd8 4. Bc4 Nf6 5. Nf3 e6 6. d4 c6 7. O-O Bd6 8. Bg5
Nbd7 9. Ne4 Be7 10. Nc3 O-O 11. Ne5 Qc7 12. Nxd7 Qxd7 13. Bb3 b5 14. Ne2 Qc7 15.
c3 Ng4 16. Ng3 Nxf2 17. Rxf2 Bxg5 18. Bc2 Be3 19. Qd3 Bxf2+ 20. Kxf2 Qf4+ 21.
Ke1 f5 22. Nh5 Qh4+ 23. g3 Qxh5 24. Bd1 Qxh2 25. Bc2 Qg1+ 26. Ke2 Qxa1 27. g4
Qg1 28. gxf5 Qg4+ 29. Kd2 Rxf5 30. Bb3 Qg2+ 31. Ke1 Qg1+ 32. Kd2 Rf2+ 33. Ke3
Qg3+ 34. Ke4 Qf4# 0-1

[Event "Reykjavik Open 2026"]
[Site "Reykjavik ISL"]
[Date "2026.03.27"]
[Round "4.192"]
[White "Karlsson, Sighvatur"]
[Black "Niori, Nona"]
[Result "0-1"]
[WhiteElo "1544"]
[BlackElo "1421"]
[WhiteFideId "2307936"]
[BlackFideId "7006527"]
[EventDate "2026.03.25"]

1. e4 d5 2. exd5 Qxd5 3. Nc3 Qd8 4. Nf3 c6 5. Bc4 Bf5 6. d3 e6 7. O-O Nf6 8. a3
Be7 9. b4 O-O 10. Bb2 Nbd7 11. Bb3 Re8 12. Nh4 Bg6 13. Nxg6 hxg6 14. Ne4 Nxe4
15. dxe4 Nf6 16. Qf3 Qc7 17. Rae1 Rad8 18. Re2 Qb6 19. c4 Nh5 20. c5 Qc7 21. g3
Bf6 22. e5 Bg5 23. h4 Bh6 24. Bc1 Qe7 25. Kh2 Rf8 26. Kh3 f6 27. Qg4 Kh7 28.
Bxe6 f5 29. Qc4 Rde8 30. Bxf5 gxf5 31. Bb2 Qe6 32. Qc2 g6 33. Kg2 f4 34. Kh2
fxg3+ 35. Kg1 g2 36. Rd1 Qh3 0-1

[Event "Reykjavik Open 2026"]
[Site "Reykjavik ISL"]
[Date "2026.03.27"]
[Round "4.194"]
[White "Sigurdardottir, Sigrun Tara"]
[Black "Vedant Nayudu"]
[Result "0-1"]
[WhiteElo "1470"]
[BlackElo "1975"]
[WhiteFideId "2322030"]
[BlackFideId "33369780"]
[EventDate "2026.03.25"]

1. d4 d5 2. Bf4 c5 3. c3 Qb6 4. Qb3 Qxb3 5. axb3 cxd4 6. cxd4 Nc6 7. e3 Nf6 8.
Nc3 Bd7 9. Bb5 e6 10. Nf3 Nh5 11. Bg3 Nxg3 12. hxg3 Bd6 13. O-O O-O 14. Rfe1
Rfd8 15. Rec1 a6 16. Be2 Ne7 17. Rd1 b5 18. Rd2 Rdc8 19. Rdd1 f6 20. Rd2 Bb4 21.
Rc2 Be8 22. Bd3 Bg6 23. Bxg6 hxg6 24. Rac1 Kf7 25. Na2 Bd6 26. Nc3 g5 27. g4 Rc6
28. Na2 Rac8 29. Rxc6 Rxc6 30. Rxc6 Nxc6 31. Nc3 Nb4 32. Kf1 Nd3 33. Nd1 Nc1 34.
Nd2 Bb4 35. Nf3 Nxb3 36. Ke2 Nc1+ 37. Kf1 Ke7 38. Nc3 Bxc3 39. bxc3 Na2 40. Ke1
Nxc3 41. Kd2 Ne4+ 42. Ke2 b4 43. Ne1 a5 44. Nd3 Kd6 45. f3 Nc3+ 46. Kd2 e5 47.
dxe5+ fxe5 48. Kc2 e4 49. Nc1 a4 50. fxe4 dxe4 51. Kd2 Kc5 52. Kc2 Kc4 53. Kb2
b3 54. g3 Nd1+ 55. Kb1 Kb4 56. Ne2 Nc3+ 57. Nxc3 Kxc3 58. Kc1 b2+ 59. Kb1 a3 60.
Ka2 Kc2 61. Kxa3 b1=Q 62. Ka4 Qb6 63. Ka3 Qb3# 0-1

[Event "Reykjavik Open 2026"]
[Site "Reykjavik ISL"]
[Date "2026.03.27"]
[Round "4.196"]
[White "Andresson, Bernardo Tino"]
[Black "Holm Kjartansson, Omar Jon"]
[Result "1-0"]
[WhiteElo "1888"]
[BlackElo "1444"]
[WhiteFideId "1483943"]
[BlackFideId "2322323"]
[EventDate "2026.03.25"]

1. d4 Nf6 2. Nc3 e6 3. Bg5 h6 4. Bh4 Be7 5. Nf3 b6 6. e4 Bb7 7. Qd3 d5 8. Bxf6
Bxf6 9. O-O-O Ba6 10. Qe3 g5 11. g4 h5 12. Bh3 Be7 13. Rhe1 f5 14. exf5 Nc6 15.
f6 Qd6 16. fxe7 Qxe7 17. Qxg5 Qxg5+ 18. Nxg5 O-O-O 19. gxh5 Rde8 20. Rxe6 Rxe6
21. Bxe6+ Kb7 22. Bxd5 Rxh5 23. Bxc6+ Kxc6 24. d5+ Kb7 25. Nf3 Rf5 26. Nd4 Rxf2
27. Ne4 Rf4 28. d6 cxd6 29. Nxd6+ Kb8 30. c3 Rf6 31. Nc6+ Kc7 32. Ne8+ Kxc6 33.
Nxf6 Be2 34. Rd7 a5 35. Rd2 Bc4 36. b3 Bf7 37. h4 b5 38. h5 Bxh5 39. Nxh5 Kc5
40. Nf4 a4 41. Nd3+ Kb6 42. bxa4 bxa4 43. a3 Kb5 44. Rc2 Kc4 45. Nb2+ Kb3 46. c4
Kxa3 47. c5 Kb3 48. Nxa4 Kb4 49. c6 Kb3 50. c7 Ka3 51. c8=Q Kb4 52. Rb2+ Ka3 53.
Qc3+ Kxa4 54. Qb4# 1-0

[Event "Reykjavik Open 2026"]
[Site "Reykjavik ISL"]
[Date "2026.03.28"]
[Round "5.51"]
[White "Hanisch, Sebastian"]
[Black "Spitzl, Vinzent"]
[Result "0-1"]
[BlackTitle "FM"]
[WhiteElo "1984"]
[BlackElo "2356"]
[WhiteFideId "24668150"]
[BlackFideId "12901253"]
[EventDate "2026.03.25"]

1. d4 Nf6 2. Nf3 g6 3. Bg5 Ne4 4. Bf4 c5 5. dxc5 Bg7 6. c3 Na6 7. Nbd2 Naxc5 8.
Nxe4 Nxe4 9. Nd2 Nc5 10. Nb3 Ne6 11. Bg3 d6 12. e4 a5 13. a4 Bd7 14. Bd3 O-O 15.
O-O Bc6 16. f4 b6 17. Qe2 Qd7 18. Bb5 Bxb5 19. axb5 a4 20. Nd2 a3 21. Rxa3 Rxa3
22. bxa3 Bxc3 23. Nb3 Nd4 24. Nxd4 Bxd4+ 25. Bf2 Bxf2+ 26. Rxf2 Ra8 27. Qf3 Qc7
28. Qe2 Qc5 29. Kh1 Ra7 30. e5 Ra5 31. exd6 exd6 32. h4 Rxb5 33. Qf3 Qf5 34.
Qa8+ Kg7 35. Kh2 Qf6 36. Qc8 Rb3 37. Qd8 Rb5 38. Qxf6+ Kxf6 39. g4 h5 40. Kg3 d5
41. f5 Ke5 42. fxg6 fxg6 43. Re2+ Kd6 44. g5 d4 45. Rf2 Re5 46. Kf3 Re6 47. Rb2
d3 0-1

[Event "Reykjavik Open 2026"]
[Site "Reykjavik ISL"]
[Date "2026.03.28"]
[Round "5.52"]
[White "Mehta, Hursh"]
[Black "Thorfinnsson, Bjorn"]
[Result "0-1"]
[BlackTitle "IM"]
[WhiteElo "2000"]
[BlackElo "2335"]
[WhiteFideId "30961157"]
[BlackFideId "2300982"]
[EventDate "2026.03.25"]

1. Nf3 d5 2. d4 Nf6 3. c4 e6 4. g3 Be7 5. Bg2 O-O 6. O-O dxc4 7. Qc2 a6 8. a4
Nbd7 9. Nbd2 Nb6 10. Nxc4 Nxc4 11. Qxc4 b5 12. Qd3 Bb7 13. axb5 axb5 14. Bg5 Rb8
15. Ne5 Nd7 16. Bxe7 Qxe7 17. Qxb5 Bxg2 18. Qxd7 Qxd7 19. Nxd7 Bxf1 20. Kxf1 Ra8
21. Rc1 Rfe8 22. e3 h6 23. Ne5 f6 24. Nd3 Ra6 25. h4 Kf7 26. Ke2 Ke7 27. Kd2 Kd6
28. f4 Rea8 29. e4 Ra1 30. e5+ Kd7 31. Nc5+ Ke7 32. Rc3 R8a7 33. exf6+ gxf6 34.
Re3 R7a2 35. Rxe6+ Kf7 36. Kc2 Rg1 37. Kb3 Ra8 38. Rc6 Rxg3+ 39. Kc4 Rg4 40.
Rxc7+ Kg6 41. b4 Ra1 42. Nd3 Rxh4 43. b5 Rb1 44. Rc6 Rh2 45. Nb4 h5 46. b6 h4
47. Rc5 h3 48. Rb5 Re2 49. b7 Re8 50. b8=Q Rxb8 51. Rxb8 h2 52. Rh8 h1=Q 53.
Rxh1 Rxh1 54. d5 Kf7 55. Kd4 Rd1+ 56. Ke4 Ke7 57. Kf5 Kf7 58. Ke4 Rc1 59. Nc6
Re1+ 60. Kf5 Rd1 61. Ke4 Ke8 62. Kf5 Rxd5+ 63. Ke6 Rb5 64. Nd4 Rb6+ 65. Kd5 Kf7
66. f5 Kg7 67. Ne6+ Kh6 68. Kc5 Rb1 69. Kd6 Rf1 70. Nd4 Kg5 71. Ke6 Rf4 72. Kd5
Rxf5+ 73. Nxf5 Kxf5 74. Kd4 Kf4 75. Kd3 Kf3 76. Kd2 f5 77. Ke1 Kg2 0-1

[Event "Reykjavik Open 2026"]
[Site "Reykjavik ISL"]
[Date "2026.03.28"]
[Round "5.53"]
[White "Wang, Qibiao"]
[Black "Hartmann, Wolfgang"]
[Result "1-0"]
[WhiteElo "2332"]
[BlackElo "1934"]
[WhiteFideId "8604282"]
[BlackFideId "12977373"]
[EventDate "2026.03.25"]

1. e4 e6 2. d4 d5 3. Nc3 dxe4 4. Nxe4 Bd7 5. Nf3 Bc6 6. Bd3 Nd7 7. c3 Ngf6 8.
Nxf6+ Nxf6 9. Bf4 Bxf3 10. Qxf3 c6 11. O-O Qd5 12. Qe2 Be7 13. Be5 O-O 14. a4 c5
15. Bxf6 Bxf6 16. Be4 Qd7 17. Qh5 g6 18. Qxc5 Rfc8 19. Qb5 Rc7 20. Qxd7 Rxd7 21.
f4 Rb8 22. a5 h5 23. Rfd1 Kf8 24. Kf2 Ke7 25. Ke2 Rbd8 26. Ra3 Rb8 27. Rb3 Kf8
28. Ra1 Bd8 29. a6 b6 30. Rb5 Rd6 31. Bb7 Bc7 32. Ra4 Rbd8 33. Rc4 Bb8 34. Kf3
R8d7 35. g3 Rc7 36. Rxc7 Bxc7 37. Ke3 Bd8 38. h3 Kg7 39. g4 hxg4 40. hxg4 Bc7
41. c4 Rd8 42. c5 bxc5 43. dxc5 Rb8 44. Bc6 Kf8 45. Rxb8+ Bxb8 46. b4 Ke7 47. b5
f6 48. b6 g5 49. fxg5 fxg5 50. Ke4 Kd8 51. Ba4 Kc8 52. Kd4 Kd8 53. Kc4 Kc8 54.
Kb5 Kd8 55. Kc6 Kc8 56. Bb3 Kd8 57. Kb7 1-0

[Event "Reykjavik Open 2026"]
[Site "Reykjavik ISL"]
[Date "2026.03.28"]
[Round "5.54"]
[White "Jiang, Brian"]
[Black "Brzezina, Piotr"]
[Result "0-1"]
[BlackTitle "FM"]
[WhiteElo "1983"]
[BlackElo "2328"]
[WhiteFideId "2627922"]
[BlackFideId "21078874"]
[EventDate "2026.03.25"]

1. c4 Nf6 2. Nc3 g6 3. d4 d5 4. Qb3 dxc4 5. Qxc4 Be6 6. Qb5+ Bd7 7. Qb3 c5 8. d5
b5 9. Nxb5 Bg7 10. Nc3 O-O 11. e4 e6 12. Bc4 exd5 13. exd5 Bf5 14. Nge2 Nbd7 15.
O-O Rb8 16. Qa3 Nb6 17. Bb5 Nfxd5 18. Rd1 Qh4 19. Nxd5 Nxd5 20. Qxc5 Rfc8 21.
Qxd5 Rd8 22. Bg5 Qxg5 23. Qc5 Rdc8 24. Qd5 Bxb2 25. Rab1 Qf6 26. Bd3 Rd8 27. Qf3
Be6 28. Qxf6 Bxf6 29. Rxb8 Rxb8 30. a4 Rd8 31. Bc2 Rxd1+ 32. Bxd1 Kf8 33. f3 Ke7
34. Kf2 Kd6 35. Ke3 Kc5 36. Nc1 a5 37. g4 Bd4+ 38. Ke4 Bd5+ 39. Kd3 Bb2 40. Nb3+
Kb4 41. Nd2 Be5 42. h4 f5 43. h5 gxh5 44. gxh5 Bf7 0-1

[Event "Reykjavik Open 2026"]
[Site "Reykjavik ISL"]
[Date "2026.03.28"]
[Round "5.55"]
[White "Holinka, Henning"]
[Black "Dunn, Maxim"]
[Result "1-0"]
[WhiteTitle "FM"]
[WhiteElo "2324"]
[BlackElo "1941"]
[WhiteFideId "12967084"]
[BlackFideId "456551"]
[EventDate "2026.03.25"]

1. e4 c5 2. Nf3 d6 3. d4 cxd4 4. Nxd4 Nf6 5. Nc3 a6 6. a3 e5 7. Nf5 d5 8. Bg5 d4
9. Bxf6 gxf6 10. Nb1 Bxf5 11. exf5 Qd5 12. Qh5 Nc6 13. Nd2 O-O-O 14. f3 d3 15.
Bxd3 Bc5 16. Ne4 Be3 17. g3 Qd4 18. Ke2 Qb6 19. Rhd1 Rhg8 20. Kf1 Nd4 21. Kg2
Nxc2 22. Bxc2 Qxb2 23. Qxf7 Qxc2+ 24. Kh3 Rxd1 25. Qxg8+ Rd8 26. Qe6+ Kb8 27.
Qxf6 Qc7 28. Rb1 Ka7 29. Qe6 Qg7 30. f6 Qh6+ 31. Kg2 Qg6 32. Qe7 1-0

[Event "Reykjavik Open 2026"]
[Site "Reykjavik ISL"]
[Date "2026.03.28"]
[Round "5.56"]
[White "Ragnarsson, Johann"]
[Black "Kurmangaliyeva, Liya"]
[Result "0-1"]
[BlackTitle "FM"]
[WhiteElo "1967"]
[BlackElo "2319"]
[WhiteFideId "2301040"]
[BlackFideId "13725831"]
[EventDate "2026.03.25"]

1. d4 d5 2. c4 e6 3. Nc3 c6 4. e4 dxe4 5. Nxe4 Bb4+ 6. Bd2 Qxd4 7. Bxb4 Qxe4+ 8.
Be2 Na6 9. Bc3 e5 10. Qd6 Bf5 11. Rd1 Ne7 12. Kf1 Be6 13. Nf3 Nf5 14. Qd2 f6 15.
Kg1 O-O 16. Bd3 Qf4 17. Qc2 e4 18. Bxe4 Nc5 19. Re1 Nxe4 20. Rxe4 Qd6 21. g4 Nh6
22. h3 c5 23. Qe2 Bd7 24. Bd2 Nf7 25. Bf4 Qc6 26. Kh2 f5 27. gxf5 Bxf5 28. Re3
Qf6 29. Bg3 Bd7 30. Ne5 Nxe5 31. Bxe5 Qxf2+ 32. Qxf2 Rxf2+ 33. Kg3 Raf8 34. Rhe1
Bc6 35. R1e2 R2f5 36. Bd6 Rg5+ 37. Kh4 Rff5 38. Re5 Rh5+ 39. Kg3 Rf3+ 40. Kg4
Rhxh3 41. Rxc5 Bd7+ 42. Kg5 h6+ 43. Kg6 Rf6# 0-1

[Event "Reykjavik Open 2026"]
[Site "Reykjavik ISL"]
[Date "2026.03.28"]
[Round "5.57"]
[White "Liu, Bei"]
[Black "Unuk, Laura"]
[Result "1-0"]
[BlackTitle "IM"]
[WhiteElo "1963"]
[BlackElo "2314"]
[WhiteFideId "8603596"]
[BlackFideId "14609215"]
[EventDate "2026.03.25"]

1. e4 e6 2. d4 d5 3. e5 c5 4. c3 Nc6 5. Nf3 Bd7 6. Be2 f6 7. O-O fxe5 8. dxe5
Qc7 9. Re1 Nge7 10. Bd3 g6 11. Bg5 Bg7 12. Bf6 O-O 13. Bxg7 Kxg7 14. Nbd2 c4 15.
Bc2 b5 16. Qe2 b4 17. Rad1 Rab8 18. Qe3 bxc3 19. bxc3 Rb2 20. Bb1 Bc8 21. h4 Nf5
22. Bxf5 Rxf5 23. Qc5 Rf7 24. Qa3 Rb5 25. Nf1 Qa5 26. Qc1 Qxa2 27. Ng3 h6 28. h5
g5 29. Re2 Qa5 30. Qc2 Ne7 31. Nd4 Rb6 32. Ree1 Qa6 33. Ra1 Qb7 34. Ra2 Bd7 35.
Re3 Be8 36. Rf3 Rxf3 37. gxf3 Bf7 38. Qd2 Nc6 39. f4 Nxd4 40. Qxd4 gxf4 41. Qxf4
Qe7 42. f3 Rb8 43. Kh2 Rg8 44. Kh3 Be8 45. Ra6 Bf7 46. Nf5+ 1-0

[Event "Reykjavik Open 2026"]
[Site "Reykjavik ISL"]
[Date "2026.03.28"]
[Round "5.58"]
[White "Omarsson, Adam"]
[Black "Yu, Jennifer"]
[Result "0-1"]
[WhiteTitle "CM"]
[BlackTitle "FM"]
[WhiteElo "1961"]
[BlackElo "2299"]
[WhiteFideId "2311453"]
[BlackFideId "2078341"]
[EventDate "2026.03.25"]

1. d4 d5 2. c4 e6 3. Nf3 Nf6 4. Nc3 Nbd7 5. cxd5 exd5 6. Bg5 Be7 7. e3 h6 8. Bh4
c6 9. Bd3 O-O 10. O-O Re8 11. Qc2 Ne4 12. Bxe7 Qxe7 13. Rae1 b6 14. Nd2 Ndf6 15.
f3 Nxd2 16. Qxd2 Qd6 17. Qf2 Be6 18. Bb1 Rad8 19. Rd1 c5 20. e4 dxe4 21. dxc5
Qxc5 22. Qxc5 bxc5 23. Nxe4 Nxe4 24. Bxe4 Bxa2 25. Ra1 Bd5 26. Rxa7 Bxe4 27.
fxe4 f6 28. Re1 Re5 29. Re2 f5 30. Ra5 fxe4 31. b4 Rd1+ 32. Kf2 e3+ 33. Rxe3
Rxe3 34. Kxe3 cxb4 35. Rb5 Rb1 36. Rb7 Kf8 37. Kf3 Rb3+ 38. Kf2 Kg8 39. h3 h5
40. Rb5 h4 41. Rh5 Rb2+ 42. Kf3 Rb3+ 43. Kf2 Rc3 44. Rxh4 b3 45. Rb4 Kf7 46.
Rb7+ Kf6 47. h4 Rc2+ 48. Kf3 b2 49. g4 Ke5 50. Ke3 Rc3+ 51. Kd2 Rg3 52. Rb4 Rxg4
53. Rb5+ Kf4 54. Rb4+ Kf5 55. Rb5+ Kg6 56. Ke3 Rg2 57. Kf3 Rc2 58. Kf4 Rf2+ 59.
Kg3 Rc2 60. Kf4 Kf6 61. Ke3 Rh2 62. h5 Ke6 63. Kd3 Rxh5 64. Rxb2 Re5 65. Rg2 Kf6
66. Kd4 Rg5 67. Rf2+ Rf5 68. Rg2 g5 69. Ke4 Rf4+ 70. Ke3 Kf5 71. Rg1 g4 72. Ke2
Kg5 73. Rh1 g3 74. Rh8 Kg4 75. Ke3 Rf7 76. Ke2 g2 77. Rg8+ Kh3 78. Rh8+ Kg3 79.
Rg8+ Kh2 80. Rh8+ Kg1 81. Rg8 Re7+ 82. Kd3 Rh7 0-1

[Event "Reykjavik Open 2026"]
[Site "Reykjavik ISL"]
[Date "2026.03.28"]
[Round "5.59"]
[White "Hallmundarson, Birkir"]
[Black "Ruiz Buendia, Miguel"]
[Result "0-1"]
[BlackTitle "FM"]
[WhiteElo "1949"]
[BlackElo "2279"]
[WhiteFideId "2319446"]
[BlackFideId "24537675"]
[EventDate "2026.03.25"]

1. e4 c5 2. Nf3 d6 3. d4 cxd4 4. Nxd4 Nf6 5. Nc3 a6 6. Be3 e5 7. Nf3 Be7 8. Bc4
O-O 9. O-O Nc6 10. Bg5 Ne8 11. Bxe7 Qxe7 12. Nd5 Qd8 13. c3 Kh8 14. Qd3 f5 15.
exf5 Bxf5 16. Qe3 Nf6 17. Rad1 Na5 18. Be2 Nxd5 19. Rxd5 Be6 20. Rd2 Qc7 21.
Rfd1 Rad8 22. b3 Nc6 23. c4 Bg8 24. Bd3 Rf6 25. Be4 Rff8 26. Nh4 Ne7 27. Qg5 Rf6
28. h3 Rdf8 29. Nf3 b5 30. Rc2 bxc4 31. bxc4 Rf4 32. Bd3 e4 33. Re1 exd3 34.
Rxe7 Qxe7 35. Qxe7 dxc2 36. Qe3 Rb8 37. Qxf4 Rb1+ 38. Kh2 c1=Q 39. Qf8 Qxc4 40.
Ng5 Rb5 41. f4 h6 42. Nf3 Rb4 43. Kg3 Qxa2 44. Nh4 Qb3+ 45. Kh2 Qe6 46. f5 Qe5+
47. g3 Rb2+ 48. Ng2 Qd5 49. f6 Qxg2# 0-1

[Event "Reykjavik Open 2026"]
[Site "Reykjavik ISL"]
[Date "2026.03.28"]
[Round "5.60"]
[White "Karlinder, Lovis Neo"]
[Black "Bombek, Peter"]
[Result "1/2-1/2"]
[BlackTitle "FM"]
[WhiteElo "1903"]
[BlackElo "2112"]
[WhiteFideId "34664785"]
[BlackFideId "14902230"]
[EventDate "2026.03.25"]

1. e4 e6 2. d4 d5 3. exd5 exd5 4. Nf3 Bd6 5. c4 Nf6 6. c5 Be7 7. Bd3 O-O 8. O-O
b6 9. Be3 Bg4 10. Nbd2 bxc5 11. dxc5 Nbd7 12. Qc2 c6 13. b4 Qc7 14. a4 a5 15. b5
cxb5 16. c6 Ne5 17. Nxe5 Qxe5 18. Bxb5 Bd6 19. g3 d4 20. Bf4 Qe7 21. Rfe1 Be6
22. Bxd6 Qxd6 23. Nc4 Qc5 1/2-1/2

[Event "Reykjavik Open 2026"]
[Site "Reykjavik ISL"]
[Date "2026.03.28"]
[Round "5.61"]
[White "Lyutsinger, Iren"]
[Black "Johannsson, Markus Orri"]
[Result "1-0"]
[WhiteTitle "FM"]
[WhiteElo "2182"]
[BlackElo "1900"]
[WhiteFideId "34425969"]
[BlackFideId "2318539"]
[EventDate "2026.03.25"]

1. e4 c5 2. Nf3 d6 3. Nc3 Nc6 4. Bc4 Nf6 5. d4 cxd4 6. Nxd4 e5 7. Nf3 h6 8. O-O
Be6 9. Bxe6 fxe6 10. Nh4 Kf7 11. f4 exf4 12. Bxf4 g5 13. Bxd6 Qxd6 14. Qh5+ Kg8
15. Rxf6 Qd4+ 16. Rf2 Qg7 17. Qg6 Qxg6 18. Nxg6 Bc5 19. Nxh8 Rf8 20. Nd1 Ne5 21.
Ng6 Nxg6 22. Kf1 Bxf2 23. Nxf2 Ne5 24. Ke2 Rc8 25. c3 Kf7 26. Rd1 Ke7 27. Rd4 a6
28. Nd1 Nc6 29. Rd2 Rf8 30. Nf2 Ne5 31. Rd4 Nc6 32. Rd3 Ne5 33. Rh3 Rf6 34. b3
b6 35. c4 g4 36. Rh5 Ng6 37. g3 Kf8 38. Nxg4 Rf4 39. Nf2 1-0

[Event "Reykjavik Open 2026"]
[Site "Reykjavik ISL"]
[Date "2026.03.28"]
[Round "5.62"]
[White "Matsunaga, Toma"]
[Black "Jakubek, Peter"]
[Result "0-1"]
[WhiteElo "1900"]
[BlackElo "2098"]
[WhiteFideId "7005512"]
[BlackFideId "14901048"]
[EventDate "2026.03.25"]

1. e4 c6 2. d4 d5 3. exd5 cxd5 4. Bd3 Nc6 5. c3 Nf6 6. Bf4 Bg4 7. Qb3 Qd7 8. Nd2
e6 9. Ngf3 Bd6 10. Bxd6 Qxd6 11. O-O O-O 12. Rae1 Bxf3 13. Nxf3 Qc7 14. Ne5 Nxe5
15. Rxe5 g6 16. h3 Rfc8 17. f4 Rab8 18. Re3 b5 19. Qd1 b4 20. Bc2 bxc3 21. bxc3
Ne4 22. Bxe4 dxe4 23. Rxe4 Qxc3 24. d5 Qc5+ 25. Qd4 Qxd5 26. Qxd5 exd5 27. Re7
Rb2 28. Rxa7 Rcc2 29. Rd1 Rxg2+ 30. Kh1 Rh2+ 31. Kg1 Rxh3 32. Rxd5 Rg3+ 33. Kf1
Rf3+ 34. Kg1 Rxf4 35. a4 Rc4 36. Rd1 Ra2 37. Rf1 Rcxa4 38. Raxf7 Ra1 39. Rf8+
Kg7 40. Rf7+ Kh6 41. Kg2 Rxf1 42. Rxf1 Kg5 43. Rb1 Kg4 44. Rb2 h5 45. Kh2 h4 46.
Rg2+ Kf5 47. Kh3 g5 48. Rb2 Ra3+ 49. Kg2 h3+ 50. Kh2 g4 51. Rb5+ Kf4 52. Rb8
Ra2+ 53. Kg1 g3 54. Rb4+ Ke5 55. Rb5+ Kd4 56. Rb4+ Kc3 57. Rb1 Rc2 58. Rd1 Kb2
59. Kh1 Rc1 60. Rg1 Kc2 61. Rxc1+ Kxc1 62. Kg1 Kd2 63. Kf1 Ke3 64. Kg1 Kf3 65.
Kh1 g2+ 66. Kh2 Kf2 0-1

[Event "Reykjavik Open 2026"]
[Site "Reykjavik ISL"]
[Date "2026.03.28"]
[Round "5.63"]
[White "ADU, Oladapo"]
[Black "Leosson, Haukur Vidis"]
[Result "1-0"]
[WhiteTitle "IM"]
[WhiteElo "2173"]
[BlackElo "1893"]
[WhiteFideId "8500258"]
[BlackFideId "2325780"]
[EventDate "2026.03.25"]

1. e4 e6 2. d3 d5 3. Nd2 Nf6 4. g3 c5 5. Bg2 g6 6. Ngf3 Bg7 7. O-O O-O 8. Re1
Nc6 9. c3 a5 10. a4 b6 11. Ng5 Ba6 12. exd5 exd5 13. Nf1 h6 14. Nh3 Rc8 15. Nf4
g5 16. Nh3 d4 17. c4 Qd7 18. f4 g4 19. Nf2 Rfe8 20. Bd2 Rxe1 21. Bxe1 Ne7 22. h3
h5 23. hxg4 Nxg4 24. Nxg4 hxg4 25. f5 Qxf5 26. Nh2 Ng6 27. Be4 Qe6 28. Nxg4 Ne5
29. Nxe5 Qxe5 30. Qf3 Re8 31. Bd2 Qf6 32. Qh1 Qe6 33. Qh5 Re7 34. Rf1 Bb7 35.
Qh7+ Kf8 36. Bg5 Rc7 37. Rf4 Bxe4 38. Rxe4 Qc6 39. b3 Qg6 40. Qxg6 fxg6 41. Re6
Rf7 42. Kg2 Rf5 43. Bd8 Kf7 44. Re7+ Kf8 45. Re2 Be5 46. g4 Rf4 47. Rxe5 Rxg4+
48. Kf3 Rg1 49. Bxb6 Rb1 50. Bxc5+ Kf7 51. Bxd4 Rxb3 52. Ke4 Rb1 53. Rxa5 Re1+
54. Be3 Kf6 55. Rb5 Ra1 56. a5 Ke6 57. Rb6+ Kd7 58. a6 Kc8 59. Rxg6 Kb8 60. a7+
Ka8 61. Rg8+ Kb7 62. Rb8+ 1-0

[Event "Reykjavik Open 2026"]
[Site "Reykjavik ISL"]
[Date "2026.03.28"]
[Round "5.64"]
[White "Laureano, Dereck"]
[Black "Krishay Jain"]
[Result "0-1"]
[WhiteElo "1891"]
[BlackElo "2097"]
[WhiteFideId "2076926"]
[BlackFideId "25129597"]
[EventDate "2026.03.25"]

1. b3 e5 2. Bb2 Nc6 3. e3 d5 4. Bb5 Bd6 5. f4 Qh4+ 6. g3 Qe7 7. Nf3 f6 8. Bxc6+
bxc6 9. fxe5 fxe5 10. Nxe5 Nf6 11. d4 Bxe5 12. dxe5 Ng4 13. Qd4 Qg5 14. Qf4 Qh5
15. Ba3 Be6 16. Nc3 Nxe5 17. O-O Ng4 18. h4 O-O-O 19. Qd4 g5 20. Qxa7 gxh4 21.
Qa6+ Kd7 22. Na4 hxg3 23. Nc5+ Ke8 24. Qe2 Qh2+ 25. Qxh2 gxh2+ 26. Kh1 Bf7 27.
Rf4 h5 28. Raf1 Bg6 29. Bb2 Rg8 30. Bf6 Ra8 31. a4 Bxc2 32. Bg7 Ra5 33. b4 Rxc5
34. bxc5 Rxg7 35. a5 Be4+ 36. Rxe4+ dxe4 37. Rb1 Kd7 38. Rb8 Rf7 0-1